<?xml version="1.0" encoding="UTF-8"?>
<record
    xmlns:xsi="http://www.w3.org/2001/XMLSchema-instance"
    xsi:schemaLocation="http://www.loc.gov/MARC21/slim http://www.loc.gov/standards/marcxml/schema/MARC21slim.xsd"
    xmlns="http://www.loc.gov/MARC21/slim">

  <leader>01881nam a2200301 a 4500</leader>
  <controlfield tag="001">BRCA_2825</controlfield>
  <controlfield tag="005">20190320204003.0</controlfield>
  <controlfield tag="008">091208s1915----sp-a---###---#000-0dspa-u</controlfield>
  <datafield tag="041" ind1=" " ind2=" ">
    <subfield code="a">spa</subfield>
  </datafield>
  <datafield tag="044" ind1=" " ind2=" ">
    <subfield code="a">sp</subfield>
  </datafield>
  <datafield tag="084" ind1=" " ind2=" ">
    <subfield code="a">261</subfield>
    <subfield code="b">.S67</subfield>
    <subfield code="c">1915</subfield>
  </datafield>
  <datafield tag="100" ind1="1" ind2=" ">
    <subfield code="a">Cervantes Saavedra, Miguel de</subfield>
    <subfield code="d">1547-1616</subfield>
    <subfield code="9">213</subfield>
  </datafield>
  <datafield tag="245" ind1="1" ind2="0">
    <subfield code="a">El Ingenioso Hidalgo Don Quijote de la Mancha</subfield>
    <subfield code="c">Miguel de Cervantes de Saavedra.</subfield>
  </datafield>
  <datafield tag="260" ind1=" " ind2=" ">
    <subfield code="a">Barcelona</subfield>
    <subfield code="b">Ram&#xF3;n Sopena</subfield>
    <subfield code="c">1915</subfield>
  </datafield>
  <datafield tag="300" ind1=" " ind2=" ">
    <subfield code="a">892 p.</subfield>
    <subfield code="b">il.</subfield>
    <subfield code="c">18 cm.</subfield>
  </datafield>
  <datafield tag="500" ind1=" " ind2=" ">
    <subfield code="a">Contenido : Primera parte. Vida y obra de Cervantes por A. Herrero M. Aprobaciones y licencias de la edici&#xF3;n pr&#xED;ncipe. Dedicatoria del autor. Pr&#xF3;logo del autor. Versos preliminares. Texto. Segunda parte. Tasa. Privilegio. Dedicatoria del autor. Pr&#xF3;logo del autor. Texto</subfield>
  </datafield>
  <datafield tag="500" ind1=" " ind2=" ">
    <subfield code="a">Contiene esta edici&#xF3;n: Noticia sobre la vida y obra de Cervantes por A. Herrero Miguel, curiosa iniciaci&#xF3;n bibliogr&#xE1;fica y preliminares de la edici&#xF3;n pr&#xED;ncipe. Tanto la Vida y obras de Cervantes, como la Iniciaci&#xF3;n bibliografica, merecen alabanza por el caudal de noticias que encierran, si bien no aportan nada nuevo. La parte tipogr&#xE1;fica es aceptable, papel fino. Las l&#xE1;minas y grabados, son expresivos y ben ejecutados. Cubierta adornada con un retrato de Cervantes y un motivo quijotil de varios colores L&#xFA;dovik Osterc</subfield>
  </datafield>
  <datafield tag="500" ind1=" " ind2=" ">
    <subfield code="a">Estado f&#xED;sico : Anotaciones con pluma en la portada</subfield>
  </datafield>
  <datafield tag="500" ind1=" " ind2=" ">
    <subfield code="a">La biblioteca cuenta con un 2do. ejemplar donado por el Dr. H&#xE9;ctor Rivero Borrell V&#xE1;zquez (No. de sistema 2024)</subfield>
  </datafield>
  <datafield tag="500" ind1=" " ind2=" ">
    <subfield code="a">QMB61</subfield>
  </datafield>
  <datafield tag="650" ind1="1" ind2="4">
    <subfield code="a">Novela espa&#xF1;ola</subfield>
    <subfield code="y">&#xC9;poca cl&#xE1;sica, 1500-1700</subfield>
    <subfield code="9">215</subfield>
  </datafield>
  <datafield tag="650" ind1="1" ind2="4">
    <subfield code="a">Literatura espa&#xF1;ola</subfield>
    <subfield code="y">&#xC9;poca cl&#xE1;sica, 1500-1700</subfield>
    <subfield code="9">216</subfield>
  </datafield>
  <datafield tag="650" ind1="1" ind2="4">
    <subfield code="a">Novela espa&#xF1;ola</subfield>
    <subfield code="y">Siglo XVII</subfield>
    <subfield code="9">217</subfield>
  </datafield>
  <datafield tag="650" ind1="1" ind2="4">
    <subfield code="a">Don Quijote (Personaje ficticio)</subfield>
    <subfield code="e">Novela</subfield>
    <subfield code="9">218</subfield>
  </datafield>
  <datafield tag="740" ind1="0" ind2=" ">
    <subfield code="a">El Ingenioso Hidalgo Don Quijote de la Mancha</subfield>
  </datafield>
  <datafield tag="902" ind1=" " ind2=" ">
    <subfield code="a">QFM</subfield>
  </datafield>
  <datafield tag="942" ind1=" " ind2=" ">
    <subfield code="2">lcc</subfield>
    <subfield code="c">B</subfield>
  </datafield>
  <datafield tag="999" ind1=" " ind2=" ">
    <subfield code="c">2565</subfield>
    <subfield code="d">2565</subfield>
  </datafield>
  <datafield tag="952" ind1=" " ind2=" ">
    <subfield code="0">0</subfield>
    <subfield code="1">0</subfield>
    <subfield code="4">0</subfield>
    <subfield code="7">0</subfield>
    <subfield code="a">BRCA</subfield>
    <subfield code="b">BRCA</subfield>
    <subfield code="d">2008-12-09</subfield>
    <subfield code="i">QMB61</subfield>
    <subfield code="l">0</subfield>
    <subfield code="o">261 .S67 1915 (QMB61)</subfield>
    <subfield code="p">2822</subfield>
    <subfield code="r">2019-03-22 00:00:00</subfield>
    <subfield code="w">2019-03-22</subfield>
    <subfield code="y">B</subfield>
  </datafield>
</record>
